الخفاش : طيار المساء مصاص الدماء : (رقم التسجيلة. 52502)

تفاصيل مارك
000 -LEADER
fixed length control field 00726nam a22002177a 4500
005 - DATE AND TIME OF LATEST TRANSACTION
control field 20251108170932.0
008 - FIXED-LENGTH DATA ELEMENTS--GENERAL INFORMATION
fixed length control field 250721s1996 xx 000 0 ara d
020 ## - INTERNATIONAL STANDARD BOOK NUMBER
International Standard Book Number 9771008293
082 14 - DEWEY DECIMAL CLASSIFICATION NUMBER
Classification number ط/599.4/غني
100 1# - MAIN ENTRY--PERSONAL NAME
Personal name غنيم، كارم السيد
245 10 - TITLE STATEMENT
Title الخفاش : طيار المساء مصاص الدماء :
Remainder of title طيار الماء و مصاص الدماء /
264 1# - PRODUCTION, PUBLICATION, DISTRIBUTION, MANUFACTURE, AND COPYRIGHT NOTICE
Place of production, publication, distribution, manufacture القاهره :
Name of producer, publisher, distributor, manufacturer دار الفكر العربي،
Date of production, publication, distribution, manufacture, or copyright notice 1996.
300 ## - PHYSICAL DESCRIPTION
Extent 40ص.
490 0# - SERIES STATEMENT
Series statement التمساح للفتيان
650 17 - SUBJECT ADDED ENTRY--TOPICAL TERM
Topical term or geographic name as entry element الخفاشيات
650 17 - SUBJECT ADDED ENTRY--TOPICAL TERM
Topical term or geographic name as entry element الثدييات
650 17 - SUBJECT ADDED ENTRY--TOPICAL TERM
Topical term or geographic name as entry element الخفاشيات (رتبة)
653 ## - INDEX TERM--UNCONTROLLED
Uncontrolled term ناشئون صغار (10-14 سنة)
942 ## - ADDED ENTRY ELEMENTS (KOHA)
Source of classification or shelving scheme Dewey Decimal Classification
Koha item type كتب
المقتنيات
حالة السحب حالة الفقدان مصدر التصنيف حالة التلف غير قابل للإعارة المكتبة الرئيسية المكتبة الحالية موقع الرف تاريخ التزويد الرقم المتسلسل Total Checkouts رقم الإستدعاء تاريخ آخر ظهور تاريخ الفاتورة نوع المادة (كوها) الباركود
    Dewey Decimal Classification     مكتبة أم المؤمنين للأطفال مكتبة أم المؤمنين للأطفال الأطفال 28/07/2025 419618   ط/599.4/غني 28/07/2025 28/07/2025 كتب 419618
    Dewey Decimal Classification     مكتبة أم قصير والمقابلين العامة مكتبة أم قصير والمقابلين العامة الأطفال 06/07/2004 357776   ط/599.4/غني 28/07/2025 06/07/2004 كتب 357776
    Dewey Decimal Classification     مكتبة الاميرة بديعة مكتبة الاميرة بديعة الأطفال 06/07/2004 357769   ط/599.4/غني 28/07/2025 06/07/2004 كتب 357769
    Dewey Decimal Classification     مكتبة البراءة للأطفال مكتبة البراءة للأطفال الأطفال 27/05/2015 1598325   ط/599.4/غني 28/07/2025 27/05/2015 كتب PLD00326683
    Dewey Decimal Classification     مكتبة الحسن العامة مكتبة الحسن العامة الأطفال 06/07/2004 357772   ط/599.4/غني 28/07/2025 06/07/2004 كتب 357772
    Dewey Decimal Classification     مكتبة الحسن العامة مكتبة الحسن العامة الأطفال 19/10/2018 257761   ط/599.4/غني 28/07/2025 19/10/2018 كتب PLD00435950
    Dewey Decimal Classification     مكتبة الحسن العامة مكتبة الحسن العامة الأطفال 19/10/2018 357757   ط/599.4/غني 28/07/2025 19/10/2018 كتب PLD00435954
    Dewey Decimal Classification Unchecked   مكتبة النصر العامة مكتبة النصر العامة الأطفال 06/07/2004 357773   ط/599.4/غني 28/07/2025 06/07/2004 كتب  
    Dewey Decimal Classification     مكتبة الياسمين للأطفال مكتبة الياسمين للأطفال الأطفال 31/03/2014 357762   ط/599.4/غني 28/07/2025 31/03/2014 كتب PLD00297286
    Dewey Decimal Classification     مكتبة حمزة العامة مكتبة حمزة العامة الأطفال 07/03/2018 1668096   ط/599.4/غني 28/07/2025 07/03/2018 كتب PLD00419144
    Dewey Decimal Classification     مكتبة صويلح العامة مكتبة صويلح العامة الأطفال 06/07/2004 357774   ط/599.4/غني 28/07/2025 06/07/2004 كتب 357774
    Dewey Decimal Classification Unchecked   مكتبة وادي السير العامة مكتبة وادي السير العامة الأطفال 06/07/2004 357766   ط/599.4/غني 28/07/2025 06/07/2004 كتب  
Implemented & Customized by: BBB with SCIT (Smart Chains for Information Technology)

Powered by Koha